Skin : the human fabric

Bibliographic Details
Main Author: Podolsky, Doug M.
Format: Book
Published: New York : Torstar Books Inc , 1984
Series:The human body
Subjects:

MARC

LEADER 00000cam a2200000 7i4500
001 0000086356
005 20210224.0
008 210203
020 |a 0920269222 (series) 
020 |a 0920269265 
090 0 0 |a 612.976   |b POD 
100 1 |a Podolsky, Doug M. 
245 1 0 |a Skin :   |b the human fabric   |c Doug M. Podolsky 
260 |a New York :   |b Torstar Books Inc ,   |c 1984 
300 |a 165pg. :   |b Col.ill 
490 1 |a The human body 
500 |a Reference 
650 0 |a Skin 
650 0 |a Skin-Diseases 
999 |a 0000794428   |b Book   |c REFERENCE   |e Cawangan Segamat